Central Library OPAC University of Rajshahi

In athletics, do it this way : (Record no. 16472)

MARC details
000 -LEADER
fixed length control field 00789cam a22002531 4500
001 - CONTROL NUMBER
control field 16472
003 - CONTROL NUMBER IDENTIFIER
rucl marc code BD-RjUL
005 - DATE AND TIME OF LATEST TRANSACTION
control field 20211209000019.0
008 - FIXED-LENGTH DATA ELEMENTS--GENERAL INFORMATION
fixed length control field 140213r19551952enk 000 0 eng d
035 ## - SYSTEM CONTROL NUMBER
System control number (BD-RjUL)16527
System control number (OCoLC)4813698
040 ## - CATALOGING SOURCE
Original cataloging agency DLC
Transcribing agency TxBeaL
Modifying agency Uk
-- DLC
-- BD-RjUL
Language of cataloging eng
041 ## - LANGUAGE CODE
Language code of text/sound track or separate title eng
082 00 - DEWEY DECIMAL CLASSIFICATION NUMBER
Classification number 796.42
Author mark and year DUI 1955
100 1# - MAIN ENTRY--PERSONAL NAME
Personal name Duncan, Sandy.
9 (RLIN) 50930
245 10 - TITLE STATEMENT
Title In athletics, do it this way :
Remainder of title learn your atltics from photographs /
Statement of responsibility, etc. By Sandy Duncan. With photos. by John Barlee and a foreword by Lord Burghley.
250 ## - EDITION STATEMENT
Edition statement 1st ed.
260 ## - PUBLICATION, DISTRIBUTION, ETC. (IMPRINT)
Place of publication, distribution, etc. London :
Name of publisher, distributor, etc. Murray ,
Date of publication, distribution, etc. 1952 [Reprinted 1955]
300 ## - PHYSICAL DESCRIPTION
Pagination 96 p. :
Illustrations illus. ;
Size 22 cm.
650 #0 - SUBJECT ADDED ENTRY--TOPICAL TERM
Topical term or geographic name as entry element Track and field.
9 (RLIN) 50931
942 ## - ADDED ENTRY ELEMENTS (KOHA)
Source of classification or shelving scheme Dewey Decimal Classification
Koha item type Books
Holdings
Lost status Source of classification or shelving scheme Damaged status Not for loan Collection code Permanent Location Current Location Shelving location Date acquired Source of acquisition Cost, normal purchase price Total Checkouts Full call number Date last seen Copy number Koha item type
  Dewey Decimal Classification   Not For Loan Non-fiction Central Library, University of Rajshahi Central Library, University of Rajshahi Reading Room 12/09/1950 Park America 6.15   796.42 DUI 1955 13/02/2014 C-1 Books